[Event "EYCC 2024 - G12"]
[Site "?"]
[Date "2024.08.29"]
[Round "7.9"]
[White "Chichinadze, Anastasia"]
[Black "Tolmaceva, Alona"]
[Result "0-1"]
[BlackElo "1766"]
[WhiteElo "1678"]
[LiveChessVersion "1.4.8"]

1. e4 {[%clk 1:30:57]} c5 {[%clk 1:30:54]} 2. Nc3 {[%clk 1:31:24]} d6
{[%clk 1:31:07]} 3. g3 {[%clk 1:31:50]} h5 {[%clk 1:28:38]} 4. h4
{[%clk 1:22:54]} Nf6 {[%clk 1:27:01]} 5. Bg2 {[%clk 1:21:52]} Nc6
{[%clk 1:26:47]} 6. Nf3 {[%clk 1:17:36]} Bg4 {[%clk 1:24:16]} 7. d3
{[%clk 1:16:24]} Nd4 {[%clk 1:20:52]} 8. Be3 {[%clk 1:12:16]} e5 {[%clk 1:19:59]}
9. O-O {[%clk 1:06:59]} Qd7 {[%clk 1:17:32]} 10. Kh2 {[%clk 0:53:28]} Be7
{[%clk 1:15:50]} 11. Nd5 {[%clk 0:46:17]} Nxd5 {[%clk 1:12:44]} 12. exd5
{[%clk 0:44:21]} g5 {[%clk 1:04:42]} 13. Bxd4 {[%clk 0:41:30]} cxd4
{[%clk 1:04:49]} 14. hxg5 {[%clk 0:40:41]} h4 {[%clk 1:04:31]} 15. Rh1
{[%clk 0:37:22]} hxg3+ {[%clk 0:59:17]} 16. Kg1 {[%clk 0:36:29]} Rxh1+
{[%clk 0:58:37]} 17. Bxh1 {[%clk 0:35:54]} gxf2+ {[%clk 0:58:31]} 18. Kxf2
{[%clk 0:36:18]} Bxg5 {[%clk 0:58:31]} 19. c4 {[%clk 0:32:25]} Be3+
{[%clk 0:55:03]} 20. Ke1 {[%clk 0:26:27]} O-O-O {[%clk 0:49:43]} 21. Qc2
{[%clk 0:21:26]} Rh8 {[%clk 0:49:26]} 22. Bg2 {[%clk 0:17:14]} Qe7
{[%clk 0:43:41]} 23. Qe2 {[%clk 0:11:15]} Qf6 {[%clk 0:41:31]} 24. Qf1
{[%clk 0:11:03]} Qf4 {[%clk 0:41:03]} 25. Kd1 {[%clk 0:07:31]} Rh2
{[%clk 0:39:36]} 0-1

[Event "EYCC 2024 - G12"]
[Site "?"]
[Date "2024.08.29"]
[Round "7.10"]
[White "Bogomolnikova, Zlata"]
[Black "Owczarek, Hanna"]
[Result "0-1"]
[BlackElo "1742"]
[WhiteElo "1614"]
[LiveChessVersion "1.4.8"]

1. d4 {[%clk 1:30:55]} c5 {[%clk 1:30:53]} 2. d5 {[%clk 1:28:23]} Nf6
{[%clk 1:31:09]} 3. c4 {[%clk 1:27:38]} d6 {[%clk 1:31:30]} 4. Nc3
{[%clk 1:26:43]} g6 {[%clk 1:31:48]} 5. e4 {[%clk 1:27:07]} Bg7 {[%clk 1:32:01]}
6. Bd3 {[%clk 1:26:59]} e6 {[%clk 1:32:08]} 7. Nge2 {[%clk 1:25:44]} exd5
{[%clk 1:31:11]} 8. cxd5 {[%clk 1:23:37]} O-O {[%clk 1:28:04]} 9. O-O
{[%clk 1:21:36]} a6 {[%clk 1:24:54]} 10. a4 {[%clk 1:21:29]} b6 {[%clk 1:21:46]}
11. Ng3 {[%clk 1:20:31]} Re8 {[%clk 1:17:46]} 12. h3 {[%clk 1:16:42]} Nbd7
{[%clk 1:13:46]} 13. f4 {[%clk 1:15:22]} Qc7 {[%clk 1:11:14]} 14. Qf3
{[%clk 1:11:56]} Rb8 {[%clk 1:00:26]} 15. Bc4 {[%clk 0:55:07]} Rf8
{[%clk 0:46:21]} 16. Kh1 {[%clk 0:51:21]} Ne8 {[%clk 0:45:03]} 17. Bd2
{[%clk 0:48:58]} Qb7 {[%clk 0:40:44]} 18. Rae1 {[%clk 0:41:33]} Nc7
{[%clk 0:34:44]} 19. Qe2 {[%clk 0:27:02]} b5 {[%clk 0:33:10]} 20. axb5
{[%clk 0:26:56]} axb5 {[%clk 0:30:33]} 21. Bd3 {[%clk 0:26:58]} b4
{[%clk 0:24:23]} 22. Nd1 {[%clk 0:26:54]} Nb5 {[%clk 0:23:03]} 23. Bxb5
{[%clk 0:26:00]} Qxb5 {[%clk 0:23:18]} 24. Qf3 {[%clk 0:25:00]} Ba6
{[%clk 0:20:52]} 25. Rf2 {[%clk 0:19:48]} c4 {[%clk 0:17:22]} 26. Be3
{[%clk 0:19:33]} Rbc8 {[%clk 0:16:46]} 27. Ne2 {[%clk 0:19:18]} Nc5
{[%clk 0:14:26]} 28. Bxc5 {[%clk 0:18:48]} Qxc5 {[%clk 0:14:16]} 29. g4
{[%clk 0:16:57]} c3 {[%clk 0:10:35]} 30. bxc3 {[%clk 0:16:58]} bxc3
{[%clk 0:10:57]} 31. Nc1 {[%clk 0:15:08]} Qb4 {[%clk 0:08:49]} 32. Na2
{[%clk 0:10:56]} Qa5 {[%clk 0:06:56]} 33. Naxc3 {[%clk 0:09:23]} Bxc3
{[%clk 0:06:21]} 34. Nxc3 {[%clk 0:08:22]} Rxc3 {[%clk 0:05:56]} 35. Re3
{[%clk 0:07:11]} Rfc8 {[%clk 0:05:14]} 36. f5 {[%clk 0:07:02]} Rxe3
{[%clk 0:04:17]} 37. Qxe3 {[%clk 0:07:23]} Qc3 {[%clk 0:03:58]} 38. Qb6
{[%clk 0:05:37]} Qxh3+ {[%clk 0:04:00]} 39. Kg1 Rc1+ {[%clk 0:04:20]} 40. Rf1
{[%clk 0:06:19]} Rxf1# {[%clk 0:04:45]} 0-1

[Event "EYCC 2024 - G12"]
[Site "?"]
[Date "2024.08.29"]
[Round "7.11"]
[White "Berezovskii, Arina"]
[Black "Alfaro Aldunate, Amaya"]
[Result "1-0"]
[BlackElo "1725"]
[WhiteElo "1647"]
[LiveChessVersion "1.4.8"]

1. e4 {[%clk 1:30:59]} c5 {[%clk 1:30:54]} 2. Nf3 {[%clk 1:31:24]} Nc6
{[%clk 1:31:15]} 3. Bb5 {[%clk 1:31:49]} g6 {[%clk 1:31:27]} 4. Bxc6
{[%clk 1:32:12]} dxc6 {[%clk 1:31:38]} 5. O-O {[%clk 1:32:04]} Qc7
{[%clk 1:30:47]} 6. h3 {[%clk 1:28:52]} e5 {[%clk 1:30:51]} 7. d3
{[%clk 1:28:20]} Nf6 {[%clk 1:29:04]} 8. Be3 {[%clk 1:27:37]} Nh5
{[%clk 1:28:21]} 9. Nbd2 {[%clk 1:24:15]} f6 {[%clk 1:27:02]} 10. Nb3
{[%clk 1:20:16]} b6 {[%clk 1:25:30]} 11. a4 {[%clk 1:16:30]} a5 {[%clk 1:22:51]}
12. Re1 {[%clk 1:08:07]} Qf7 {[%clk 1:16:09]} 13. c3 {[%clk 1:03:16]} Be6
{[%clk 1:04:22]} 14. Nc1 {[%clk 1:02:14]} Rd8 {[%clk 1:03:39]} 15. Qc2
{[%clk 1:00:35]} h6 {[%clk 0:56:25]} 16. d4 {[%clk 0:37:48]} cxd4
{[%clk 0:42:19]} 17. cxd4 {[%clk 0:38:10]} exd4 {[%clk 0:42:34]} 18. Nxd4
{[%clk 0:36:57]} c5 {[%clk 0:41:23]} 19. Nf3 {[%clk 0:30:33]} g5 {[%clk 0:37:16]}
20. Rd1 {[%clk 0:21:38]} Bd6 {[%clk 0:31:33]} 21. b4 {[%clk 0:15:52]} axb4
{[%clk 0:24:09]} 22. a5 {[%clk 0:16:02]} b3 {[%clk 0:23:55]} 23. Qc3
{[%clk 0:15:24]} Bh2+ {[%clk 0:15:32]} 24. Kxh2 {[%clk 0:15:48]} Rxd1
{[%clk 0:15:54]} 25. axb6 {[%clk 0:15:08]} c4 {[%clk 0:15:26]} 26. Ra7
{[%clk 0:08:08]} Rd7 {[%clk 0:12:34]} 27. Ra8+ {[%clk 0:08:13]} Rd8
{[%clk 0:12:56]} 28. Ra7 {[%clk 0:08:01]} Bd7 {[%clk 0:09:00]} 29. Bc5
{[%clk 0:05:08]} Qe6 {[%clk 0:08:14]} 30. b7 {[%clk 0:02:45]} Kf7
{[%clk 0:05:49]} 31. e5 {[%clk 0:01:50]} f5 {[%clk 0:04:54]} 32. Bd6
{[%clk 0:01:37]} Qd5 {[%clk 0:02:22]} 33. b8=Q {[%clk 0:00:50]} Rxb8
{[%clk 0:02:50]} 34. Rxd7+ {[%clk 0:00:54]} Kg8 {[%clk 0:00:36]} 35. Bxb8
{[%clk 0:00:42]} Qxd7 {[%clk 0:00:58]} 36. Qxc4+ {[%clk 0:00:37]} Kh7
{[%clk 0:00:35]} 37. Qxb3 {[%clk 0:00:44]} g4 {[%clk 0:00:42]} 38. hxg4
{[%clk 0:00:39]} fxg4 {[%clk 0:01:11]} 39. Nh4 {[%clk 0:00:33]} Rg8
{[%clk 0:00:32]} 40. g3 {[%clk 0:00:37]} 1-0

[Event "EYCC 2024 - G12"]
[Site "?"]
[Date "2024.08.29"]
[Round "7.12"]
[White "Sunea, Sara Maria"]
[Black "Alessi, Clio"]
[Result "1-0"]
[BlackElo "1684"]
[WhiteElo "1871"]
[LiveChessVersion "1.4.8"]

1. d4 {[%clk 1:30:56]} d5 {[%clk 1:30:41]} 2. Bf4 {[%clk 1:31:16]} Nf6
{[%clk 1:30:50]} 3. e3 {[%clk 1:31:39]} e6 {[%clk 1:31:00]} 4. Nf3
{[%clk 1:31:42]} Bd6 {[%clk 1:31:06]} 5. Bg3 {[%clk 1:31:53]} O-O
{[%clk 1:30:59]} 6. Nbd2 {[%clk 1:31:32]} c5 {[%clk 1:29:58]} 7. c3
{[%clk 1:30:59]} Qc7 {[%clk 1:29:58]} 8. Ne5 {[%clk 1:27:28]} c4 {[%clk 1:29:13]}
9. f4 {[%clk 1:26:05]} b5 {[%clk 1:26:52]} 10. a3 {[%clk 1:23:31]} Nc6
{[%clk 1:22:05]} 11. Bh4 {[%clk 1:17:57]} Bxe5 {[%clk 1:06:25]} 12. fxe5
{[%clk 1:17:00]} Nd7 {[%clk 0:58:11]} 13. Be2 {[%clk 1:08:09]} Bb7
{[%clk 0:47:25]} 14. O-O {[%clk 1:06:45]} Nb6 {[%clk 0:42:38]} 15. Bf3
{[%clk 1:02:43]} Ne7 {[%clk 0:39:16]} 16. Bxe7 {[%clk 0:58:22]} Qxe7
{[%clk 0:37:05]} 17. e4 {[%clk 0:57:29]} a5 {[%clk 0:32:39]} 18. exd5 Bxd5
{[%clk 0:31:22]} 19. Ne4 {[%clk 0:45:13]} b4 {[%clk 0:20:11]} 20. Nd6
{[%clk 0:39:15]} b3 {[%clk 0:03:30]} 21. Qe2 {[%clk 0:30:57]} Rad8
{[%clk 0:00:37]} 22. Rae1 {[%clk 0:27:36]} Qc7 {[%clk 0:00:33]} 23. Bxd5
{[%clk 0:18:47]} exd5 {[%clk 0:00:38]} 24. Nf5 {[%clk 0:17:50]} Kh8
{[%clk 0:00:35]} 25. Qg4 {[%clk 0:14:18]} Rg8 {[%clk 0:00:38]} 26. Re3
{[%clk 0:13:05]} Rd7 {[%clk 0:00:36]} 27. Rh3 {[%clk 0:12:39]} h6
{[%clk 0:00:33]} 28. Nxh6 {[%clk 0:12:42]} 1-0

[Event "EYCC 2024 - G12"]
[Site "?"]
[Date "2024.08.29"]
[Round "7.13"]
[White "Xynidi, Areti"]
[Black "Alcantara, Levanah"]
[Result "1/2-1/2"]
[BlackElo "1807"]
[WhiteElo "1672"]
[LiveChessVersion "1.4.8"]

1. Nf3 {[%clk 1:30:58]} d5 {[%clk 1:30:46]} 2. g3 {[%clk 1:31:22]} Nc6
{[%clk 1:30:40]} 3. d4 {[%clk 1:31:44]} Bf5 {[%clk 1:30:47]} 4. Bg2
{[%clk 1:31:46]} Qd7 {[%clk 1:30:36]} 5. O-O {[%clk 1:25:06]} Bh3
{[%clk 1:26:51]} 6. Re1 {[%clk 1:21:38]} Bxg2 {[%clk 1:26:19]} 7. Kxg2 Nf6
{[%clk 1:25:33]} 8. c3 {[%clk 1:19:41]} O-O-O {[%clk 1:23:33]} 9. b4
{[%clk 1:10:35]} h5 {[%clk 1:22:09]} 10. b5 {[%clk 0:59:31]} Nb8 {[%clk 1:18:07]}
11. Ne5 {[%clk 0:57:34]} Qe6 {[%clk 1:17:01]} 12. h4 {[%clk 0:55:53]} Ng4
{[%clk 1:05:53]} 13. Nxg4 {[%clk 0:50:46]} hxg4 {[%clk 1:05:28]} 14. Qc2
{[%clk 0:46:04]} g6 {[%clk 1:01:45]} 15. e4 {[%clk 0:34:57]} Bh6 {[%clk 0:59:07]}
16. Bxh6 {[%clk 0:31:53]} Rxh6 {[%clk 0:59:19]} 17. Nd2 {[%clk 0:29:47]} Rdh8
{[%clk 0:57:40]} 18. exd5 {[%clk 0:29:25]} Qxd5+ {[%clk 0:57:20]} 19. Qe4
{[%clk 0:29:21]} Qxb5 {[%clk 0:53:57]} 20. Qxg4+ {[%clk 0:27:04]} Kd8
{[%clk 0:52:55]} 21. Re5 {[%clk 0:25:23]} Qd7 {[%clk 0:49:48]} 22. Qxd7+
{[%clk 0:23:56]} Nxd7 {[%clk 0:49:46]} 23. Re2 {[%clk 0:22:09]} g5
{[%clk 0:47:10]} 24. hxg5 {[%clk 0:21:00]} Rh2+ {[%clk 0:47:09]} 25. Kf3
{[%clk 0:21:14]} Rh1 {[%clk 0:45:09]} 26. Rae1 {[%clk 0:19:14]} e6
{[%clk 0:44:40]} 27. g6 {[%clk 0:17:28]} fxg6 {[%clk 0:44:18]} 28. Rxe6
{[%clk 0:17:22]} R1h2 {[%clk 0:43:53]} 29. Ne4 {[%clk 0:13:46]} g5
{[%clk 0:38:18]} 30. Kg4 {[%clk 0:11:19]} Nf8 {[%clk 0:35:58]} 31. Re5
{[%clk 0:10:37]} Nh7 {[%clk 0:35:30]} 32. Nxg5 {[%clk 0:06:24]} Rxf2
{[%clk 0:34:24]} 33. Ne6+ {[%clk 0:05:01]} Kc8 {[%clk 0:34:19]} 34. Nf4
{[%clk 0:03:54]} Rg8+ {[%clk 0:32:26]} 35. Kf5 {[%clk 0:04:15]} Rg5+
{[%clk 0:28:47]} 36. Ke6 {[%clk 0:03:07]} Rxa2 {[%clk 0:28:09]} 37. Rxg5
{[%clk 0:03:22]} Nxg5+ {[%clk 0:28:29]} 38. Kf6 {[%clk 0:03:09]} Nf3
{[%clk 0:28:16]} 39. Re8+ {[%clk 0:03:17]} Kd7 {[%clk 0:28:39]} 40. Re7+
{[%clk 0:03:15]} Kd6 {[%clk 0:28:32]} 41. Re6+ {[%clk 0:03:31]} Kd7
{[%clk 0:28:38]} 42. Re7+ {[%clk 0:03:47]} Kc6 {[%clk 0:27:06]} 43. Ne6
{[%clk 0:03:08]} Kd6 {[%clk 0:26:22]} 44. Nxc7 {[%clk 0:02:36]} a5
{[%clk 0:25:18]} 45. Ne8+ {[%clk 0:02:31]} Kc6 {[%clk 0:25:15]} 46. Rc7+
{[%clk 0:02:01]} Kb6 {[%clk 0:25:21]} 47. d5 {[%clk 0:01:52]} Re2
{[%clk 0:24:46]} 48. Re7 {[%clk 0:01:50]} Rxe7 {[%clk 0:24:21]} 49. Kxe7
{[%clk 0:02:15]} a4 {[%clk 0:21:46]} 50. d6 {[%clk 0:02:26]} Ne5 {[%clk 0:21:46]}
51. Ke6 {[%clk 0:02:02]} Nc6 {[%clk 0:21:54]} 52. Nc7 {[%clk 0:02:15]} Nd8+
{[%clk 0:18:37]} 53. Kd7 {[%clk 0:02:04]} Nc6 {[%clk 0:18:31]} 54. Nd5+
{[%clk 0:02:07]} Kb5 {[%clk 0:17:27]} 55. Nb4 {[%clk 0:02:14]} a3
{[%clk 0:16:58]} 56. Na2 {[%clk 0:01:58]} Kc4 {[%clk 0:16:37]} 57. g4
{[%clk 0:02:06]} Kb3 {[%clk 0:16:37]} 58. g5 {[%clk 0:01:42]} Ne5+
{[%clk 0:15:09]} 59. Ke6 {[%clk 0:01:56]} Kxa2 {[%clk 0:14:21]} 60. Kxe5
{[%clk 0:02:22]} Kb2 {[%clk 0:14:19]} 61. d7 {[%clk 0:02:46]} a2 {[%clk 0:14:44]}
62. d8=Q {[%clk 0:03:03]} a1=Q {[%clk 0:15:04]} 63. Qb6+ {[%clk 0:03:06]} Kc2
{[%clk 0:15:17]} 64. Qf2+ {[%clk 0:03:07]} Kb3 {[%clk 0:15:43]} 65. Qd2
{[%clk 0:02:17]} Qa8 {[%clk 0:14:50]} 66. Qd4 {[%clk 0:01:13]} Qe8+
{[%clk 0:14:57]} 67. Kf4 {[%clk 0:01:35]} Qf8+ {[%clk 0:14:53]} 68. Qf6
{[%clk 0:01:18]} Qb8+ {[%clk 0:15:07]} 69. Kf5 {[%clk 0:01:27]} Qg3
{[%clk 0:14:45]} 70. Qb6+ {[%clk 0:01:12]} Kxc3 {[%clk 0:15:05]} 71. Qxb7 Qh3+
{[%clk 0:15:11]} 72. Kg6 {[%clk 0:01:54]} Qe6+ {[%clk 0:14:55]} 73. Kg7
{[%clk 0:02:01]} Qe5+ {[%clk 0:15:08]} 74. Kh7 {[%clk 0:02:13]} Qxg5
{[%clk 0:15:07]} 1/2-1/2

[Event "EYCC 2024 - G12"]
[Site "?"]
[Date "2024.08.29"]
[Round "7.14"]
[White "Illes-Nagy, Nora"]
[Black "Marusyn, Yana"]
[Result "1/2-1/2"]
[BlackElo "1648"]
[WhiteElo "1792"]
[LiveChessVersion "1.4.8"]

1. d4 {[%clk 1:30:59]} d5 {[%clk 1:30:56]} 2. c4 {[%clk 1:31:23]} dxc4
{[%clk 1:31:23]} 3. e4 {[%clk 1:31:46]} b5 {[%clk 1:31:49]} 4. a4
{[%clk 1:32:03]} c6 {[%clk 1:32:14]} 5. axb5 {[%clk 1:32:25]} cxb5
{[%clk 1:32:38]} 6. Nc3 {[%clk 1:32:34]} Qb6 {[%clk 1:32:56]} 7. Nd5
{[%clk 1:32:06]} Qb7 {[%clk 1:32:18]} 8. Bf4 {[%clk 1:21:36]} e5 {[%clk 1:32:25]}
9. Bxe5 {[%clk 1:20:28]} Nd7 {[%clk 1:31:58]} 10. Bf4 {[%clk 1:16:53]} Ngf6
{[%clk 1:31:54]} 11. Nxf6+ {[%clk 1:14:50]} Nxf6 {[%clk 1:32:07]} 12. f3
{[%clk 1:10:29]} Bb4+ {[%clk 1:16:36]} 13. Bd2 {[%clk 1:07:28]} Bxd2+
{[%clk 1:11:33]} 14. Qxd2 {[%clk 1:07:48]} O-O {[%clk 1:10:39]} 15. Be2
{[%clk 0:45:30]} Bd7 {[%clk 1:02:19]} 16. e5 {[%clk 0:40:45]} Nd5
{[%clk 1:01:36]} 17. f4 {[%clk 0:38:34]} Rac8 {[%clk 0:55:55]} 18. Rc1
{[%clk 0:36:34]} f6 {[%clk 0:41:44]} 19. Nf3 {[%clk 0:28:29]} fxe5
{[%clk 0:37:59]} 20. fxe5 {[%clk 0:28:47]} Be6 {[%clk 0:32:31]} 21. O-O
{[%clk 0:26:34]} Qe7 {[%clk 0:30:27]} 22. Ng5 {[%clk 0:19:40]} Bf5
{[%clk 0:23:03]} 23. Bf3 {[%clk 0:12:17]} Nb4 {[%clk 0:20:48]} 24. Ne4
{[%clk 0:09:17]} Bxe4 {[%clk 0:07:58]} 25. Bxe4 {[%clk 0:09:39]} Rcd8
{[%clk 0:06:31]} 26. Qe3 {[%clk 0:05:06]} Qe6 {[%clk 0:03:03]} 27. Rfd1
{[%clk 0:03:17]} Nd5 {[%clk 0:02:12]} 28. Bxd5 {[%clk 0:01:39]} Qxd5
{[%clk 0:00:50]} 29. Rd2 {[%clk 0:01:42]} b4 {[%clk 0:00:37]} 30. Qe2
{[%clk 0:01:16]} Rc8 {[%clk 0:00:57]} 31. Qe3 {[%clk 0:01:12]} a5
{[%clk 0:01:00]} 32. e6 {[%clk 0:01:13]} Rce8 {[%clk 0:00:56]} 33. Re2
{[%clk 0:01:08]} Rf6 {[%clk 0:01:07]} 34. e7 {[%clk 0:00:59]} Rf7
{[%clk 0:01:02]} 35. Qe5 {[%clk 0:01:01]} Qxe5 {[%clk 0:01:01]} 36. Rxe5
{[%clk 0:01:24]} Rfxe7 {[%clk 0:01:08]} 37. Rxc4 {[%clk 0:01:28]} Rxe5
{[%clk 0:01:28]} 38. dxe5 {[%clk 0:01:56]} Rxe5 {[%clk 0:01:51]} 39. Kf2
{[%clk 0:01:50]} Rb5 {[%clk 0:01:05]} 40. Rd4 {[%clk 0:00:44]} a4
{[%clk 0:00:59]} 41. Rd3 {[%clk 0:00:49]} b3 {[%clk 0:01:05]} 42. Rd1
{[%clk 0:00:54]} Rc5 {[%clk 0:01:19]} 43. Rd2 {[%clk 0:01:05]} Rc2
{[%clk 0:01:15]} 44. Ke3 {[%clk 0:00:58]} a3 {[%clk 0:00:33]} 45. bxa3
{[%clk 0:01:09]} b2 {[%clk 0:00:50]} 46. Rd8+ {[%clk 0:01:32]} Kf7
{[%clk 0:01:08]} 47. Rb8 {[%clk 0:01:52]} Rxg2 {[%clk 0:01:08]} 48. a4
{[%clk 0:01:57]} Rxh2 {[%clk 0:00:58]} 49. a5 {[%clk 0:02:15]} Rh5
{[%clk 0:01:06]} 50. a6 {[%clk 0:02:36]} Ra5 {[%clk 0:01:24]} 51. Rxb2
{[%clk 0:02:43]} Rxa6 {[%clk 0:01:52]} 52. Kf4 {[%clk 0:03:00]} Kf6
{[%clk 0:02:08]} 53. Rb4 {[%clk 0:02:53]} g5+ {[%clk 0:02:11]} 54. Kg4
{[%clk 0:03:10]} Kg6 {[%clk 0:02:36]} 55. Rc4 {[%clk 0:03:21]} h5+
{[%clk 0:02:57]} 56. Kg3 {[%clk 0:03:38]} Ra5 {[%clk 0:03:00]} 57. Rc6+
{[%clk 0:03:54]} Kf5 {[%clk 0:03:25]} 58. Rc3 {[%clk 0:04:00]} Re5
{[%clk 0:01:16]} 59. Rc4 {[%clk 0:03:50]} h4+ {[%clk 0:00:55]} 60. Kf3
{[%clk 0:03:16]} Rd5 {[%clk 0:00:52]} 61. Ra4 {[%clk 0:03:12]} Rd3+
{[%clk 0:00:48]} 62. Ke2 {[%clk 0:03:24]} Rb3 {[%clk 0:00:44]} 63. Ra2
{[%clk 0:03:19]} Kf4 {[%clk 0:00:38]} 64. Kf2 {[%clk 0:03:25]} Rb4
{[%clk 0:00:46]} 65. Kg2 {[%clk 0:03:34]} g4 {[%clk 0:01:03]} 66. Ra1
{[%clk 0:03:35]} h3+ {[%clk 0:01:15]} 67. Kh2 {[%clk 0:03:23]} Rb2+
{[%clk 0:01:12]} 68. Kg1 {[%clk 0:03:13]} Re2 {[%clk 0:00:45]} 69. Ra4+
{[%clk 0:03:14]} Kf3 {[%clk 0:01:00]} 70. Ra3+ {[%clk 0:03:30]} Re3
{[%clk 0:01:26]} 71. Ra1 {[%clk 0:03:49]} Kg3 {[%clk 0:00:36]} 72. Rb1
{[%clk 0:03:46]} h2+ {[%clk 0:00:57]} 73. Kh1 {[%clk 0:04:12]} Kh3
{[%clk 0:01:13]} 74. Rb3 {[%clk 0:04:07]} Rf3 {[%clk 0:00:34]} 75. Rxf3+
{[%clk 0:04:29]} gxf3 {[%clk 0:00:39]} 1/2-1/2

[Event "EYCC 2024 - G12"]
[Site "?"]
[Date "2024.08.29"]
[Round "7.15"]
[White "Kusova, Nikola"]
[Black "Donets, Alina"]
[Result "1-0"]
[BlackElo "1784"]
[WhiteElo "1659"]
[LiveChessVersion "1.4.8"]

1. e4 {[%clk 1:30:56]} c5 {[%clk 1:30:51]} 2. Nf3 {[%clk 1:31:20]} d6
{[%clk 1:31:07]} 3. d4 {[%clk 1:31:44]} cxd4 {[%clk 1:31:28]} 4. Nxd4
{[%clk 1:32:09]} Nf6 {[%clk 1:31:41]} 5. Nc3 {[%clk 1:32:32]} Nbd7
{[%clk 1:31:30]} 6. Be3 {[%clk 1:30:13]} g6 {[%clk 1:30:23]} 7. f3
{[%clk 1:29:30]} Bg7 {[%clk 1:30:29]} 8. Qd2 {[%clk 1:29:26]} O-O
{[%clk 1:25:39]} 9. O-O-O {[%clk 1:29:08]} Re8 {[%clk 1:25:29]} 10. h4
{[%clk 1:28:09]} h5 {[%clk 1:20:50]} 11. Bh6 {[%clk 1:19:28]} Bh8
{[%clk 1:17:46]} 12. Bc4 {[%clk 1:18:26]} Qc7 {[%clk 1:14:31]} 13. Bb3
{[%clk 1:17:42]} Nc5 {[%clk 1:13:59]} 14. Bc4 {[%clk 1:15:03]} a6
{[%clk 1:10:28]} 15. Qg5 {[%clk 1:13:04]} e6 {[%clk 1:05:47]} 16. Be2
{[%clk 1:02:22]} Nh7 {[%clk 1:03:00]} 17. Qg3 {[%clk 1:00:15]} Be5
{[%clk 0:58:10]} 18. f4 {[%clk 0:55:57]} Bxd4 {[%clk 0:56:32]} 19. Rxd4
{[%clk 0:56:16]} e5 {[%clk 0:52:13]} 20. fxe5 {[%clk 0:52:53]} dxe5
{[%clk 0:52:29]} 21. Bxh5 {[%clk 0:47:10]} Kh8 {[%clk 0:41:00]} 22. Rd2
{[%clk 0:45:10]} Rg8 {[%clk 0:39:11]} 23. Bf3 {[%clk 0:43:26]} Be6
{[%clk 0:37:25]} 24. Nd5 {[%clk 0:36:58]} Bxd5 {[%clk 0:32:28]} 25. exd5
{[%clk 0:33:01]} Rac8 {[%clk 0:30:49]} 26. d6 {[%clk 0:21:57]} Qa5
{[%clk 0:28:59]} 27. Qxe5+ {[%clk 0:18:37]} f6 {[%clk 0:28:56]} 28. Qd5
{[%clk 0:18:37]} Rgd8 {[%clk 0:26:05]} 29. Qf7 Rg8 {[%clk 0:24:50]} 30. d7
{[%clk 0:12:26]} Rcd8 {[%clk 0:22:07]} 31. Re1 {[%clk 0:11:57]} Rxd7
{[%clk 0:16:43]} 32. Bg7+ {[%clk 0:11:24]} Rxg7 {[%clk 0:16:56]} 33. Re8+ 1-0

[Event "EYCC 2024 - G12"]
[Site "?"]
[Date "2024.08.29"]
[Round "7.16"]
[White "Cretescu, Emma"]
[Black "Gruszecka, Alicja"]
[Result "1/2-1/2"]
[BlackElo "1781"]
[WhiteElo "1607"]
[LiveChessVersion "1.4.8"]

1. d4 Nf6 2. Nf3 e6 3. e3 b6 4. Bd3 Bb7 5. O-O d5 6. Nbd2 c5 7. b3 Nc6 8. Bb2 Bd6
9. Ne5 O-O 10. f4 Ne7 11. c3 Ne4 12. Nxe4 dxe4 13. Bc4 a6 14. a4 Qc7 15. Qh5 Bd5
16. Qe2 f6 17. Ng4 a5 18. Nf2 Rad8 19. Bb5 f5 20. c4 Bc6 21. Qh5 Be8 22. Qg5 Ng6
23. Rad1 Be7 24. Qg3 Bf6 25. Ba3 Be7 26. dxc5 bxc5 27. Bb2 Rxd1 28. Rxd1 Bxb5 29.
axb5 Rd8 30. Rxd8+ Qxd8 31. Bc3 Bh4 32. Qh3 Bxf2+ 33. Kxf2 Qd3 34. Bxa5 Qxb3 35.
Bc7 Qc2+ 36. Ke1 Qc1+ 37. Kf2 Qc2+ 38. Ke1 Qxc4 39. b6 Qc1+ 40. Ke2 Qb2+ 41. Ke1
Qc1+ 42. Ke2 Qc2+ 43. Ke1 Qb1+ 44. Ke2 Qc2+ 45. Ke1 Qb1+ 46. Ke2 Qc2+ 1/2-1/2